000 00902nam a2200241Ia 4500
003 OSt
005 20220923224742.0
006 a|||||r|||| 00| 0
007 ta
008 220922b |||||||| |||| 00| 0 hin d
024 _a249,693
037 _cTextual
040 _aARTS
_cARTS
_bhin
041 _2hin
_ahin
082 _aO152,1:g(Y), L4
100 _aशर्मा, राजपाल
_9156318
245 0 _aहिन्दी वीरकाव्य मे सामाजिक जीवन की अभिव्यक्ति
246 _aHindī vīrakāvya me sāmājik jīvan kī abhivyakti
260 _aदिल्ली
_b आदर्श साहित्य प्रकाशन
_c1974
650 _aहिन्दी साहित्य
_9156264
942 _hO152,1:g(Y), L4
_cTEXL
_2CC
999 _c373437
_d373437